Biggest Cities Beginning With 'N' - Statistics

General Stats
  • This quiz has been taken 49 times
  • The average score is 27 of 171
Answer Stats
Population Country City % Correct
8,804,190 United States New York
98%
4,397,073 Kenya Nairobi
93%
959,470 Italy Naples
83%
5,827,888 China Nánjīng
79%
174,931 Philippines Naga
69%
2,191,279 Japan Nagoya
69%
322,278 Australia Newcastle
69%
291,484 South Africa Newcastle
69%
192,382 United Kingdom Newcastle upon Tyne
69%
329,200 United Kingdom Nottingham
69%
499,237 Germany Nürnberg
69%
277,269 France Nantes
67%
951,418 Chad N'Djamena
64%
410,204 Japan Nagasaki
62%
383,997 United States New Orleans
62%
978,029 Niger Niamey
62%
958,399 Mauritania Nouakchott
62%
689,447 United States Nashville
60%
1,419,007 Russia Novosibirsk
60%
306,844 United Kingdom Newport
55%
338,620 France Nice
55%
1,259,013 Russia Nizhny Novgorod
55%
925,000 Myanmar Naypyidaw
52%
200,452 Cyprus Nicosia
52%
246,329 Bahamas Nassau
48%
311,549 United States Newark
48%
2,660,833 China Nánníng
45%
890,480 Brazil Natal
45%
215,963 United Kingdom Northampton
45%
213,166 United Kingdom Norwich
45%
2,228,018 India Nagpur
40%
2,583,073 China Níngbō
40%
215,400 Serbia Novi Sad
40%
238,005 United States Norfolk
38%
105,334 France Nancy
31%
250,000 Serbia Niš
31%
360,176 Japan Nagano
26%
158,732 Netherlands Nijmegen
26%
300,795 Japan Naha
24%
2,614,380 China Nánchāng
24%
1,612,385 China Nántōng
21%
134,023 United States New Haven
21%
186,247 United States Newport News
21%
148,236 France Nîmes
21%
106,284 Belgium Namur
19%
367,353 Japan Nara
19%
262,527 United States North Las Vegas
19%
100,200 United States Nampa
17%
149,540 United States Naperville
17%
1,289,497 India Nashik
17%
101,079 United States New Bedford
17%
1,169,000 China Nánchōng
14%
1,212,500 China Nányáng
14%
152,457 Germany Neuss
14%
505,272 Japan Niigata
14%
140,800 Russia Norilsk
12%
128,026 United States Norman
12%
130,326 (Palestine) Nablus
10%
451,246 Zambia Ndola
10%
102,773 United States Norwalk
10%
373,725 Mexico Nuevo Laredo
10%
482,576 Iraq Najaf
7%
663,212 Mozambique Nampula
7%
395,600 Argentina Neuquén
7%
302,926 Egypt New Cairo
7%
283,441 Vietnam Nha Trang
7%
114,852 United States North Charleston
7%
230,006 Uzbekistan Nukus
7%
161,726 Morocco Nador
5%
208,781 Thailand Nakhon Ratchasima
5%
570,674 Kenya Nakuru
5%
455,000 North Korea Namp’o
5%
105,682 Taiwan Nantou
5%
792,211 Mexico Naucalpan de Juárez
5%
1,119,477 India Navi Mumbai
5%
171,676 Israel Netanya
5%
381,116 Russia Nizhny Tagil
5%
293,908 India Noida
5%
118,167 Mauritania Nouadhibou
5%
823,302 Brazil Nova Iguaçu
5%
247,032 Brazil Novo Hamburgo
5%
241,856 Russia Novorossiysk
5%
116,298 Hungary Nyíregyháza
5%
117,927 Thailand Nakhon Pathom
2%
272,800 Russia Nalchik
2%
432,456 Uzbekistan Namangan
2%
901,800 China Nán'ān
2%
323,500 China Nánpíng
2%
223,622 Bangladesh Nārāyanganj
2%
100,885 Belarus Navapolatsk
2%
119,370 Turkey Nazilli
2%
164,131 Russia Nazran
2%
126,805 Russia Neftekamsk
2%
364,408 Colombia Neiva
2%
144,100 Paraguay Ñemby
2%
134,345 Russia Nevinnomyssk
2%
220,929 Iran Neyshābūr
2%
152,698 Cameroon Ngaoundéré
2%
162,693 Brazil Nilópolis
2%
195,164 Japan Nishitōkyō
2%
515,317 Brazil Niterói
2%
305,438 India Nizāmābād
2%
234,297 Russia Nizhnekamsk
2%
121,411 Japan Noda
2%
212,533 Mexico Nogales
2%
115,979 Russia Noginsk
2%
191,158 Brazil Nova Friburgo
2%
128,468 Russia Novocheboksarsk
2%
166,974 Russia Novocherkassk
2%
111,800 Russia Novokuybyshevsk
2%
539,616 Russia Novokuznetsk
2%
130,982 Russia Novomoskovsk
2%
492,984 Sudan Nyālā
2%
195,027 Guinea Nzérékoré
2%
120,000 Lebanon Nabatîyé et Tahta
0%
509,870 Russia Naberezhnyye Chelny
0%
206,449 Mozambique Nacala Porto
0%
202,067 India Nadiād
0%
195,318 Japan Nagaoka
0%
156,000 Japan Nagareyama
0%
238,422 Bangladesh Nāgarpur
0%
103,501 India Nagda
0%
213,858 India Nāgercoil
0%
253,221 India Naihāti
0%
223,450 Iran Najafābād
0%
258,573 Saudi Arabia Najrān
0%
146,920 Russia Nakhodka
0%
120,836 Thailand Nakhon Si Thammarat
0%
121,826 India Nalgonda
0%
193,499 Vietnam Nam Định
0%
713,321 South Korea Namyangju
0%
550,564 India Nanded
0%
100,703 India Nandurbar
0%
165,337 India Nandyāl
0%
194,363 India Nāngloi Jāt
0%
188,260 China Nángōng
0%
140,017 China Nánxióng
0%
100,641 Japan Narita
0%
281,080 Bangladesh Narsingdi
0%
400,249 Iraq Nasiriyah
0%
369,138 Bangladesh Natore
0%
111,123 India Navadwīp
0%
129,725 Uzbekistan Navoiy
0%
113,836 Mexico Navojoa
0%
249,463 Philippines Navotas
0%
229,504 Pakistan Nawabshah
0%
213,388 Iran Naz̧arābād
0%
161,584 Angola N'dalatando
0%
112,632 Russia Nefteyugansk
0%
137,223 Sri Lanka Negombo
0%
233,724 China Nèhé
0%
727,000 China Nèijiāng
0%
404,158 India Nellore
0%
238,549 Japan Neyagawa
0%
281,799 Mexico Nicolás Romero
0%
123,059 Japan Niihama
0%
130,500 Ukraine Nikopol
0%
128,469 China Níng'ān
0%
295,200 China Níngdé
0%
231,090 China Níngguó
0%
798,500 China Níngxiāng
0%
468,925 Japan Nishinomiya
0%
103,337 Japan Nishio
0%
244,937 Russia Nizhnevartovsk
0%
178,800 Uganda Njeru
0%
104,050 Cameroon Nkongsamba
0%
121,065 Nigeria Nnewi
0%
121,949 Japan Nobeoka
0%
106,186 Russia Novotroitsk
0%
110,000 Russia Noyabrsk
0%
204,318 Japan Numazu
0%
No matching quizzes found
Score Distribution
Percent of People with Each Score
Percentile by Number Answered
Your Score History
You have not taken this quiz